[Event "DEM U14w 2021"]
[Site "Willingen GER"]
[Date "2021.08.23"]
[Round "1"]
[White "Glowiak, Alexandra"]
[Black "Malmström, Eva"]
[Result "1-0"]
[Termination "normal"]
[Board "10"]
[WhiteElo "1413"]
[BlackElo "1348"]
[WhiteClock "00:17:42"]
[BlackClock "00:41:31"]
[PlyCount "117"]
[WhiteFideId "16259530"]
[BlackFideId "34607072"]
[EventCountry "GER"]
[EventRounds "9"]
[EventType "swiss"]
[EventDate "2021.08.22"]

1. e4 {[%clk 01:30:55]} {[%emt 00:00:04]} e5 {[%clk 01:30:50]} {[%emt
00:00:10]} 2. Nf3 {[%clk 01:31:15]} {[%emt 00:00:12]} Nf6 {[%clk 01:30:56]}
{[%emt 00:00:23]} 3. Bc4 {[%clk 01:24:02]} {[%emt 00:07:44]} Nxe4 {[%clk
01:30:07]} {[%emt 00:01:19]} 4. Qe2 {[%clk 01:23:21]} {[%emt 00:01:11]} d5
{[%clk 01:30:03]} {[%emt 00:00:34]} 5. d3 {[%clk 01:21:57]} {[%emt 00:01:55]}
Nf6 {[%clk 01:26:10]} {[%emt 00:04:21]} 6. Qxe5+ {[%clk 01:19:06]} {[%emt
00:03:22]} Be7 {[%clk 01:25:44]} {[%emt 00:00:56]} 7. Bb3 {[%clk 01:16:51]}
{[%emt 00:02:45]} Nc6 {[%clk 01:25:13]} {[%emt 00:01:01]} 8. Qe2 {[%clk
01:12:41]} {[%emt 00:04:39]} O-O {[%clk 01:24:55]} {[%emt 00:00:47]} 9. O-O
{[%clk 01:11:55]} {[%emt 00:01:16]} Bg4 {[%clk 01:24:53]} {[%emt 00:00:32]} 10.
Be3 {[%clk 01:05:07]} {[%emt 00:07:19]} Re8 {[%clk 01:23:24]} {[%emt 00:01:58]}
11. d4 {[%clk 00:59:56]} {[%emt 00:05:43]} Bd6 {[%clk 01:21:04]} {[%emt
00:02:49]} 12. c3 {[%clk 00:56:06]} {[%emt 00:04:20]} Bf4 {[%clk 01:18:52]}
{[%emt 00:02:41]} 13. Nbd2 {[%clk 00:51:30]} {[%emt 00:05:07]} Qd6 {[%clk
01:11:44]} {[%emt 00:07:38]} 14. Bxf4 {[%clk 00:39:35]} {[%emt 00:12:26]} Qxf4
{[%clk 01:08:07]} {[%emt 00:04:06]} 15. Qd3 {[%clk 00:38:12]} {[%emt 00:01:53]}
a6 {[%clk 01:05:39]} {[%emt 00:02:57]} 16. g3 {[%clk 00:28:38]} {[%emt
00:10:05]} Qd6 {[%clk 01:00:03]} {[%emt 00:06:05]} 17. Rfe1 {[%clk 00:26:48]}
{[%emt 00:02:20]} g6 {[%clk 00:58:28]} {[%emt 00:02:04]} 18. c4 {[%clk
00:21:56]} {[%emt 00:05:23]} Nb4 {[%clk 00:55:37]} {[%emt 00:03:19]} 19. Qc3
{[%clk 00:21:28]} {[%emt 00:00:58]} Bxf3 {[%clk 00:46:15]} {[%emt 00:09:52]}
20. c5 {[%clk 00:16:15]} {[%emt 00:05:45]} Qd7 {[%clk 00:44:10]} {[%emt
00:02:34]} 21. Qxf3 {[%clk 00:15:29]} {[%emt 00:01:16]} Nh5 {[%clk 00:41:57]}
{[%emt 00:02:43]} 22. a3 {[%clk 00:15:17]} {[%emt 00:00:43]} Nc6 {[%clk
00:41:27]} {[%emt 00:00:58]} 23. Qxd5 {[%clk 00:15:15]} {[%emt 00:00:33]} Qxd5
{[%clk 00:41:34]} {[%emt 00:00:22]} 24. Bxd5 {[%clk 00:15:43]} {[%emt
00:00:02]} Nxd4 {[%clk 00:41:31]} {[%emt 00:00:34]} 25. Bxb7 {[%clk 00:15:08]}
{[%emt 00:01:05]} Rab8 {[%clk 00:40:28]} {[%emt 00:01:33]} 26. Rxe8+ {[%clk
00:15:07]} {[%emt 00:00:32]} Rxe8 {[%clk 00:40:32]} {[%emt 00:00:25]} 27. Bxa6
{[%clk 00:15:10]} {[%emt 00:00:26]} Re2 {[%clk 00:40:47]} {[%emt 00:00:15]} 28.
Bxe2 {[%clk 00:15:27]} {[%emt 00:00:15]} Nxe2+ {[%clk 00:40:56]} {[%emt
00:00:19]} 29. Kf1 {[%clk 00:15:39]} {[%emt 00:00:19]} Nd4 {[%clk 00:40:46]}
{[%emt 00:00:39]} 30. b4 {[%clk 00:15:28]} {[%emt 00:00:41]} Nf6 {[%clk
00:40:33]} {[%emt 00:00:43]} 31. a4 {[%clk 00:14:55]} {[%emt 00:01:03]} Nc2
{[%clk 00:40:43]} {[%emt 00:00:21]} 32. Rb1 {[%clk 00:14:48]} {[%emt 00:00:38]}
Nd5 {[%clk 00:40:56]} {[%emt 00:00:16]} 33. b5 {[%clk 00:14:19]} {[%emt
00:00:59]} Na3 {[%clk 00:39:03]} {[%emt 00:02:22]} 34. Rb3 {[%clk 00:13:55]}
{[%emt 00:00:55]} Nc2 {[%clk 00:39:17]} {[%emt 00:00:16]} 35. b6 {[%clk
00:13:35]} {[%emt 00:00:50]} cxb6 {[%clk 00:39:08]} {[%emt 00:00:39]} 36. cxb6
{[%clk 00:13:47]} {[%emt 00:00:18]} Nd4 {[%clk 00:39:09]} {[%emt 00:00:29]} 37.
Rd3 {[%clk 00:13:49]} {[%emt 00:00:28]} Nxb6 {[%clk 00:38:52]} {[%emt
00:00:47]} 38. Rxd4 {[%clk 00:14:11]} {[%emt 00:00:07]} Nxa4 {[%clk 00:37:48]}
{[%emt 00:01:33]} 39. Rxa4 {[%clk 00:14:35]} {[%emt 00:00:07]} Kg7 {[%clk
00:38:07]} {[%emt 00:00:12]} 40. g4 {[%clk 00:14:13]} {[%emt 00:00:51]} f6
{[%clk 00:37:57]} {[%emt 00:00:40]} 41. h4 {[%clk 00:14:22]} {[%emt 00:00:22]}
Kh6 {[%clk 00:38:00]} {[%emt 00:00:26]} 42. f4 {[%clk 00:14:09]} {[%emt
00:00:42]} g5 {[%clk 00:38:18]} {[%emt 00:00:12]} 43. fxg5+ {[%clk 00:14:08]}
{[%emt 00:00:32]} fxg5 {[%clk 00:38:37]} {[%emt 00:00:09]} 44. hxg5+ {[%clk
00:13:57]} {[%emt 00:00:43]} Kxg5 {[%clk 00:39:00]} {[%emt 00:00:07]} 45. Nf3+
{[%clk 00:14:13]} {[%emt 00:00:15]} Kf6 {[%clk 00:39:10]} {[%emt 00:00:18]} 46.
Kf2 {[%clk 00:14:30]} {[%emt 00:00:15]} Kg6 {[%clk 00:39:15]} {[%emt 00:00:24]}
47. Kg3 {[%clk 00:14:47]} {[%emt 00:00:13]} h6 {[%clk 00:39:28]} {[%emt
00:00:17]} 48. Kh4 {[%clk 00:15:08]} {[%emt 00:00:09]} h5 {[%clk 00:39:34]}
{[%emt 00:00:24]} 49. Ra6+ {[%clk 00:15:24]} {[%emt 00:00:15]} Kf7 {[%clk
00:39:41]} {[%emt 00:00:22]} 50. Kxh5 {[%clk 00:15:46]} {[%emt 00:00:08]} Ke7
{[%clk 00:39:49]} {[%emt 00:00:22]} 51. g5 {[%clk 00:15:31]} {[%emt 00:00:45]}
Kf7 {[%clk 00:39:29]} {[%emt 00:00:50]} 52. Ne5+ {[%clk 00:15:42]} {[%emt
00:00:19]} Kg7 {[%clk 00:39:33]} {[%emt 00:00:26]} 53. Ra7+ {[%clk 00:16:02]}
{[%emt 00:00:09]} Kf8 {[%clk 00:39:51]} {[%emt 00:00:12]} 54. Kg6 {[%clk
00:16:20]} {[%emt 00:00:11]} Ke8 {[%clk 00:40:14]} {[%emt 00:00:07]} 55. Kf6
{[%clk 00:16:38]} {[%emt 00:00:13]} Kd8 {[%clk 00:40:35]} {[%emt 00:00:09]} 56.
g6 {[%clk 00:16:41]} {[%emt 00:00:27]} Kc8 {[%clk 00:40:48]} {[%emt 00:00:16]}
57. g7 {[%clk 00:17:03]} {[%emt 00:00:07]} Kb8 {[%clk 00:41:12]} {[%emt
00:00:06]} 58. Rf7 {[%clk 00:17:23]} {[%emt 00:00:10]} Kc8 {[%clk 00:41:31]}
{[%emt 00:00:12]} 59. g8=R# {[%clk 00:17:42]} {[%emt 00:00:09]} 1-0

[Event "DEM U14w 2021"]
[Site "Willingen GER"]
[Date "2021.08.23"]
[Round "1"]
[White "Heuberger, Sandra"]
[Black "Wilmink, Anna"]
[Result "0-1"]
[Termination "normal"]
[Board "11"]
[WhiteElo "1110"]
[BlackElo "1565"]
[WhiteClock "00:51:58"]
[BlackClock "00:08:46"]
[PlyCount "118"]
[WhiteFideId "16232151"]
[BlackFideId "16273680"]
[EventCountry "GER"]
[EventRounds "9"]
[EventType "swiss"]
[EventDate "2021.08.22"]

1. d4 {[%clk 01:30:55]} {[%emt 00:00:05]} d5 {[%clk 01:30:55]} {[%emt
00:00:05]} 2. c4 {[%clk 01:31:18]} {[%emt 00:00:07]} e6 {[%clk 01:31:12]}
{[%emt 00:00:11]} 3. Nc3 {[%clk 01:31:41]} {[%emt 00:00:08]} Nf6 {[%clk
01:31:29]} {[%emt 00:00:13]} 4. Bg5 {[%clk 01:31:35]} {[%emt 00:00:36]} dxc4
{[%clk 01:31:32]} {[%emt 00:00:28]} 5. e4 {[%clk 01:31:08]} {[%emt 00:00:57]}
c5 {[%clk 01:31:15]} {[%emt 00:00:46]} 6. Nf3 {[%clk 01:29:28]} {[%emt
00:02:10]} cxd4 {[%clk 01:27:02]} {[%emt 00:04:44]} 7. Nxd4 {[%clk 01:25:37]}
{[%emt 00:04:21]} e5 {[%clk 01:21:04]} {[%emt 00:06:28]} 8. Nf3 {[%clk
01:18:39]} {[%emt 00:07:27]} Nbd7 {[%clk 01:16:16]} {[%emt 00:05:18]} 9. Bxc4
{[%clk 01:17:09]} {[%emt 00:01:59]} Qc7 {[%clk 01:12:15]} {[%emt 00:04:31]} 10.
Qa4 {[%clk 01:12:39]} {[%emt 00:04:59]} Be7 {[%clk 01:07:22]} {[%emt 00:05:24]}
11. O-O {[%clk 01:08:29]} {[%emt 00:04:40]} O-O {[%clk 01:04:28]} {[%emt
00:03:24]} 12. Nd5 {[%clk 01:01:15]} {[%emt 00:07:44]} Nxd5 {[%clk 01:00:09]}
{[%emt 00:04:49]} 13. Bxd5 {[%clk 01:00:47]} {[%emt 00:00:58]} Nb6 {[%clk
00:56:44]} {[%emt 00:03:55]} 14. Qb3 {[%clk 01:00:30]} {[%emt 00:00:46]} Nxd5
{[%clk 00:52:48]} {[%emt 00:04:28]} 15. Qxd5 {[%clk 01:00:08]} {[%emt
00:00:51]} Be6 {[%clk 00:49:05]} {[%emt 00:04:14]} 16. Qd2 {[%clk 00:58:08]}
{[%emt 00:02:29]} f6 {[%clk 00:46:02]} {[%emt 00:03:35]} 17. Be3 {[%clk
00:57:30]} {[%emt 00:01:07]} Rfd8 {[%clk 00:42:43]} {[%emt 00:03:48]} 18. Qe2
{[%clk 00:56:48]} {[%emt 00:01:12]} Rac8 {[%clk 00:35:08]} {[%emt 00:08:06]}
19. Nd2 {[%clk 00:54:07]} {[%emt 00:03:10]} Qc2 {[%clk 00:31:42]} {[%emt
00:03:56]} 20. b3 {[%clk 00:52:03]} {[%emt 00:02:34]} Bb4 {[%clk 00:25:01]}
{[%emt 00:07:11]} 21. Rfd1 {[%clk 00:51:45]} {[%emt 00:00:48]} Rc6 {[%clk
00:22:49]} {[%emt 00:02:43]} 22. a3 {[%clk 00:50:42]} {[%emt 00:01:32]} Bxd2
{[%clk 00:20:47]} {[%emt 00:02:32]} 23. Rxd2 {[%clk 00:49:41]} {[%emt
00:01:32]} Rxd2 {[%clk 00:18:55]} {[%emt 00:02:22]} 24. Qxd2 {[%clk 00:49:54]}
{[%emt 00:00:17]} Qxd2 {[%clk 00:18:59]} {[%emt 00:00:26]} 25. Bxd2 {[%clk
00:50:16]} {[%emt 00:00:07]} Bxb3 {[%clk 00:18:26]} {[%emt 00:01:03]} 26. Rb1
{[%clk 00:50:08]} {[%emt 00:00:38]} Rd6 {[%clk 00:18:08]} {[%emt 00:00:48]} 27.
h3 {[%clk 00:49:13]} {[%emt 00:01:25]} Bc2 {[%clk 00:17:24]} {[%emt 00:01:15]}
28. Bb4 {[%clk 00:48:35]} {[%emt 00:01:07]} Bxb1 {[%clk 00:17:17]} {[%emt
00:00:37]} 29. Bxd6 {[%clk 00:48:57]} {[%emt 00:00:08]} Bxe4 {[%clk 00:17:37]}
{[%emt 00:00:10]} 30. f3 {[%clk 00:48:55]} {[%emt 00:00:31]} Bd5 {[%clk
00:17:35]} {[%emt 00:00:32]} 31. Kf2 {[%clk 00:49:10]} {[%emt 00:00:14]} Kf7
{[%clk 00:17:22]} {[%emt 00:00:44]} 32. Ke3 {[%clk 00:49:19]} {[%emt 00:00:20]}
Ke6 {[%clk 00:16:47]} {[%emt 00:01:06]} 33. Bb8 {[%clk 00:49:23]} {[%emt
00:00:26]} a6 {[%clk 00:16:33]} {[%emt 00:00:45]} 34. a4 {[%clk 00:48:31]}
{[%emt 00:01:22]} b5 {[%clk 00:15:55]} {[%emt 00:01:07]} 35. axb5 {[%clk
00:48:33]} {[%emt 00:00:28]} axb5 {[%clk 00:16:18]} {[%emt 00:00:08]} 36. Kd2
{[%clk 00:48:47]} {[%emt 00:00:15]} Bc4 {[%clk 00:15:55]} {[%emt 00:00:53]} 37.
g3 {[%clk 00:48:53]} {[%emt 00:00:25]} g5 {[%clk 00:14:34]} {[%emt 00:01:50]}
38. Ba7 {[%clk 00:49:09]} {[%emt 00:00:14]} Bd5 {[%clk 00:13:15]} {[%emt
00:01:50]} 39. Ke2 {[%clk 00:49:12]} {[%emt 00:00:26]} b4 {[%clk 00:12:44]}
{[%emt 00:01:01]} 40. Be3 {[%clk 00:49:20]} {[%emt 00:00:20]} b3 {[%clk
00:11:27]} {[%emt 00:01:48]} 41. Bc1 {[%clk 00:49:42]} {[%emt 00:00:09]} f5
{[%clk 00:10:00]} {[%emt 00:01:57]} 42. Bb2 {[%clk 00:49:43]} {[%emt 00:00:30]}
h5 {[%clk 00:09:39]} {[%emt 00:00:50]} 43. Kf2 {[%clk 00:49:43]} {[%emt
00:00:30]} h4 {[%clk 00:08:07]} {[%emt 00:02:02]} 44. g4 {[%clk 00:49:43]}
{[%emt 00:00:29]} f4 {[%clk 00:07:44]} {[%emt 00:00:54]} 45. Ke2 {[%clk
00:49:50]} {[%emt 00:00:24]} e4 {[%clk 00:07:38]} {[%emt 00:00:36]} 46. fxe4
{[%clk 00:49:58]} {[%emt 00:00:22]} Bxe4 {[%clk 00:08:00]} {[%emt 00:00:09]}
47. Kf2 {[%clk 00:50:16]} {[%emt 00:00:10]} Kd5 {[%clk 00:07:47]} {[%emt
00:00:44]} 48. Kf1 {[%clk 00:50:20]} {[%emt 00:00:26]} Kc4 {[%clk 00:07:58]}
{[%emt 00:00:18]} 49. Kf2 {[%clk 00:50:30]} {[%emt 00:00:21]} Kd3 {[%clk
00:08:03]} {[%emt 00:00:24]} 50. Bf6 {[%clk 00:50:36]} {[%emt 00:00:25]} Kc2
{[%clk 00:08:08]} {[%emt 00:00:26]} 51. Bxg5 {[%clk 00:50:29]} {[%emt
00:00:36]} b2 {[%clk 00:08:21]} {[%emt 00:00:17]} 52. Bxf4 {[%clk 00:50:44]}
{[%emt 00:00:15]} b1=Q {[%clk 00:08:37]} {[%emt 00:00:13]} 53. Ke3 {[%clk
00:50:57]} {[%emt 00:00:19]} Bc6 {[%clk 00:08:03]} {[%emt 00:01:03]} 54. g5
{[%clk 00:51:14]} {[%emt 00:00:13]} Qb6+ {[%clk 00:08:19]} {[%emt 00:00:14]}
55. Ke2 {[%clk 00:51:24]} {[%emt 00:00:19]} Qd4 {[%clk 00:08:09]} {[%emt
00:00:41]} 56. Be3 {[%clk 00:51:31]} {[%emt 00:00:23]} Qd1 {[%clk 00:08:17]}
{[%emt 00:00:21]} 57. Kf2 {[%clk 00:51:53]} {[%emt 00:00:09]} Qf3 {[%clk
00:08:20]} {[%emt 00:00:27]} 58. Ke1 {[%clk 00:52:03]} {[%emt 00:00:20]} Bb5
{[%clk 00:08:27]} {[%emt 00:00:23]} 59. g6 {[%clk 00:51:58]} {[%emt 00:00:37]}
Qe2+ {[%clk 00:08:46]} {[%emt 00:00:09]} 0-1

[Event "DEM U14w 2021"]
[Site "Willingen GER"]
[Date "2021.08.23"]
[Round "1"]
[White "Ulrich, Helena Irene"]
[Black "Marrufo, Emilia"]
[Result "1-0"]
[Termination "normal"]
[Board "12"]
[WhiteElo "1540"]
[BlackElo "1020"]
[WhiteClock "00:09:51"]
[BlackClock "00:32:21"]
[PlyCount "123"]
[WhiteFideId "16256000"]
[BlackFideId "16287363"]
[EventCountry "GER"]
[EventRounds "9"]
[EventType "swiss"]
[EventDate "2021.08.22"]

1. e4 {[%clk 01:30:56]} {[%emt 00:00:02]} e5 {[%clk 01:30:41]} {[%emt
00:00:21]} 2. Nf3 {[%clk 01:31:16]} {[%emt 00:00:09]} Nc6 {[%clk 01:30:30]}
{[%emt 00:00:42]} 3. d4 {[%clk 01:31:30]} {[%emt 00:00:16]} exd4 {[%clk
01:29:56]} {[%emt 00:01:05]} 4. Nxd4 {[%clk 01:31:50]} {[%emt 00:00:09]} Bc5
{[%clk 01:29:44]} {[%emt 00:00:42]} 5. Be3 {[%clk 01:32:09]} {[%emt 00:00:10]}
Qf6 {[%clk 01:28:29]} {[%emt 00:01:45]} 6. c3 {[%clk 01:32:22]} {[%emt
00:00:18]} Nge7 {[%clk 01:27:56]} {[%emt 00:01:03]} 7. Bc4 {[%clk 01:32:14]}
{[%emt 00:00:38]} Ne5 {[%clk 01:25:56]} {[%emt 00:02:29]} 8. Be2 {[%clk
01:32:07]} {[%emt 00:00:37]} Qg6 {[%clk 01:25:43]} {[%emt 00:00:42]} 9. O-O
{[%clk 01:30:30]} {[%emt 00:02:07]} d6 {[%emt 00:31:48]} 10. Nb5 {[%clk
00:55:58]} {[%emt 00:04:06]} O-O {[%clk 01:17:14]} {[%emt 00:08:37]} 11. Bxc5
{[%clk 00:47:32]} {[%emt 00:08:56]} dxc5 {[%clk 01:14:56]} {[%emt 00:02:49]}
12. Nxc7 {[%clk 00:38:02]} {[%emt 00:09:59]} Rb8 {[%clk 01:12:34]} {[%emt
00:02:53]} 13. f4 {[%clk 00:33:15]} {[%emt 00:05:17]} Bh3 {[%clk 01:09:37]}
{[%emt 00:03:28]} 14. Bf3 {[%clk 00:29:26]} {[%emt 00:04:19]} Nxf3+ {[%clk
01:06:53]} {[%emt 00:03:15]} 15. Qxf3 {[%clk 00:29:50]} {[%emt 00:00:05]} Bg4
{[%clk 01:05:59]} {[%emt 00:01:25]} 16. Qe3 {[%clk 00:22:54]} {[%emt 00:07:25]}
Qb6 {[%clk 01:04:12]} {[%emt 00:02:18]} 17. Nd5 {[%clk 00:19:25]} {[%emt
00:03:59]} Nxd5 {[%clk 01:02:56]} {[%emt 00:01:46]} 18. exd5 {[%clk 00:19:51]}
{[%emt 00:00:04]} Qxb2 {[%clk 01:02:52]} {[%emt 00:00:35]} 19. Nd2 {[%clk
00:19:10]} {[%emt 00:01:10]} Qb5 {[%clk 01:01:37]} {[%emt 00:01:39]} 20. c4
{[%clk 00:10:38]} {[%emt 00:09:08]} Qa5 {[%clk 01:00:17]} {[%emt 00:01:49]} 21.
Nb3 {[%clk 00:09:29]} {[%emt 00:01:40]} Qb4 {[%clk 00:58:31]} {[%emt 00:02:16]}
22. Qxc5 {[%clk 00:06:57]} {[%emt 00:03:01]} Qxc5+ {[%clk 00:56:21]} {[%emt
00:02:41]} 23. Nxc5 {[%clk 00:07:24]} {[%emt 00:00:04]} Rfe8 {[%clk 00:55:35]}
{[%emt 00:01:16]} 24. Rfe1 {[%clk 00:06:57]} {[%emt 00:00:57]} b6 {[%clk
00:52:54]} {[%emt 00:03:12]} 25. Ne4 {[%emt 00:04:15]} f5 {[%clk 00:49:31]}
{[%emt 00:01:00]} 26. Nd6 {[%clk 00:04:32]} {[%emt 00:02:00]} Red8 {[%clk
00:45:48]} {[%emt 00:04:13]} 27. Re6 {[%clk 00:03:58]} {[%emt 00:01:04]} Bh5
{[%clk 00:43:51]} {[%emt 00:02:28]} 28. Nxf5 {[%clk 00:03:32]} {[%emt
00:00:56]} Bg4 {[%clk 00:43:14]} {[%emt 00:01:06]} 29. Ne7+ {[%clk 00:03:51]}
{[%emt 00:00:11]} Kf7 {[%clk 00:42:28]} {[%emt 00:01:16]} 30. Re5 {[%clk
00:03:57]} {[%emt 00:00:26]} Re8 {[%clk 00:41:45]} {[%emt 00:01:12]} 31. Rae1
{[%clk 00:04:01]} {[%emt 00:00:25]} Rb7 {[%clk 00:40:55]} {[%emt 00:01:21]} 32.
Nc6 {[%clk 00:04:05]} {[%emt 00:00:26]} Bd7 {[%clk 00:40:53]} {[%emt 00:00:31]}
33. Rxe8 {[%clk 00:03:44]} {[%emt 00:00:53]} Bxe8 {[%clk 00:38:55]} {[%emt
00:02:27]} 34. Ne5+ {[%clk 00:04:11]} {[%emt 00:00:02]} Re7 {[%clk 00:38:42]}
{[%emt 00:00:43]} 35. Kf2+ {[%clk 00:04:14]} {[%emt 00:00:26]} Rb7 {[%emt
00:00:27]} 36. Kg1+ {[%emt 00:00:01]} Kf8 {[%clk 00:38:14]} {[%emt 00:00:27]}
37. Kf2 {[%clk 00:04:41]} {[%emt 00:00:06]} Re7 {[%clk 00:37:29]} {[%emt
00:01:13]} 38. Rd1 {[%clk 00:04:34]} {[%emt 00:00:39]} h6 {[%clk 00:35:56]}
{[%emt 00:02:03]} 39. d6 {[%clk 00:04:50]} {[%emt 00:00:15]} Rb7 {[%clk
00:35:14]} {[%emt 00:01:09]} 40. d7 {[%clk 00:05:15]} {[%emt 00:00:09]} Bxd7
{[%clk 00:35:18]} {[%emt 00:00:25]} 41. Rxd7 {[%clk 00:05:41]} {[%emt
00:00:04]} Rxd7 {[%clk 00:35:20]} {[%emt 00:00:29]} 42. Nxd7+ {[%clk 00:06:07]}
{[%emt 00:00:03]} Ke7 {[%clk 00:35:15]} {[%emt 00:00:34]} 43. Ne5 {[%clk
00:06:32]} {[%emt 00:00:05]} Kd6 {[%clk 00:34:08]} {[%emt 00:01:36]} 44. Ke3
{[%clk 00:05:38]} {[%emt 00:01:26]} Ke6 {[%clk 00:33:39]} {[%emt 00:01:00]} 45.
Ke4 {[%clk 00:05:36]} {[%emt 00:00:31]} Kd6 {[%clk 00:33:09]} {[%emt 00:01:00]}
46. Kf5 {[%emt 00:00:29]} Ke7 {[%clk 00:32:56]} {[%emt 00:00:41]} 47. Kg6
{[%clk 00:05:23]} {[%emt 00:00:46]} Kf8 {[%clk 00:32:43]} {[%emt 00:00:42]} 48.
Nc6 {[%clk 00:05:46]} {[%emt 00:00:09]} a6 {[%clk 00:32:14]} {[%emt 00:00:59]}
49. Nd4 {[%clk 00:06:10]} {[%emt 00:00:05]} Kg8 {[%clk 00:31:58]} {[%emt
00:00:45]} 50. Ne6 {[%clk 00:06:30]} {[%emt 00:00:10]} Kh8 {[%clk 00:31:53]}
{[%emt 00:00:34]} 51. Nxg7 {[%clk 00:06:56]} {[%emt 00:00:05]} Kg8 {[%clk
00:32:06]} {[%emt 00:00:18]} 52. f5 {[%clk 00:07:23]} {[%emt 00:00:03]} Kf8
{[%clk 00:31:50]} {[%emt 00:00:45]} 53. f6 {[%clk 00:07:43]} {[%emt 00:00:10]}
h5 {[%clk 00:31:43]} {[%emt 00:00:37]} 54. f7 {[%clk 00:08:07]} {[%emt
00:00:07]} b5 {[%clk 00:31:44]} {[%emt 00:00:30]} 55. cxb5 {[%clk 00:08:30]}
{[%emt 00:00:06]} axb5 {[%clk 00:32:07]} {[%emt 00:00:08]} 56. Ne6+ {[%clk
00:08:56]} {[%emt 00:00:03]} Ke7 {[%clk 00:32:21]} {[%emt 00:00:16]} 57. f8=Q+
{[%clk 00:09:19]} {[%emt 00:00:07]} Kd7 {[%clk 00:32:27]} {[%emt 00:00:23]} 58.
Kf5 {[%clk 00:09:00]} {[%emt 00:00:50]} Kc6 {[%clk 00:32:29]} {[%emt 00:00:29]}
59. Qc5+ {[%clk 00:09:09]} {[%emt 00:00:21]} Kd7 {[%clk 00:32:28]} {[%emt
00:00:30]} 60. Qc7+ {[%clk 00:09:24]} {[%emt 00:00:15]} Ke8 {[%clk 00:32:36]}
{[%emt 00:00:21]} 61. Kf6 {[%clk 00:09:51]} {[%emt 00:00:04]} b4 {[%clk
00:32:21]} {[%emt 00:00:46]} 62. Qe7# {[%emt 00:00:07]} 1-0

[Event "DEM U14w 2021"]
[Site "Willingen GER"]
[Date "2021.08.23"]
[Round "1"]
[White "Fiedler, Annabelle"]
[Black "von Beckh, Frieda"]
[Result "0-1"]
[Termination "normal"]
[Board "13"]
[WhiteElo "937"]
[BlackElo "1541"]
[WhiteClock "00:54:35"]
[BlackClock "01:18:41"]
[PlyCount "74"]
[WhiteFideId "34605835"]
[BlackFideId "16233751"]
[EventCountry "GER"]
[EventRounds "9"]
[EventType "swiss"]
[EventDate "2021.08.22"]

1. e4 {[%clk 01:30:59]} c5 {[%clk 01:30:47]} {[%emt 00:00:14]} 2. Nf3 {[%clk
01:31:21]} {[%emt 00:00:07]} Nc6 {[%clk 01:31:05]} {[%emt 00:00:12]} 3. d4
{[%clk 01:31:38]} {[%emt 00:00:14]} cxd4 {[%clk 01:31:26]} {[%emt 00:00:09]} 4.
Nxd4 {[%clk 01:31:59]} {[%emt 00:00:08]} g6 {[%clk 01:31:44]} {[%emt 00:00:12]}
5. Nc3 {[%clk 01:31:50]} {[%emt 00:00:39]} Bg7 {[%clk 01:32:03]} {[%emt
00:00:11]} 6. Be3 {[%clk 01:32:11]} {[%emt 00:00:09]} Nf6 {[%clk 01:32:19]}
{[%emt 00:00:14]} 7. Bc4 {[%clk 01:32:19]} {[%emt 00:00:23]} Qa5 {[%clk
01:31:29]} {[%emt 00:01:19]} 8. O-O {[%clk 01:32:32]} {[%emt 00:00:17]} O-O
{[%clk 01:31:47]} {[%emt 00:00:12]} 9. a3 {[%clk 01:29:26]} {[%emt 00:03:37]}
d6 {[%clk 01:27:19]} {[%emt 00:04:57]} 10. b4 {[%clk 01:24:57]} {[%emt
00:05:00]} Qc7 {[%clk 01:26:25]} {[%emt 00:01:23]} 11. b5 {[%clk 01:14:39]}
{[%emt 00:10:49]} Ne5 {[%clk 01:25:23]} {[%emt 00:01:32]} 12. Bxf7+ {[%clk
01:11:16]} {[%emt 00:03:53]} Rxf7 {[%clk 01:25:17]} {[%emt 00:00:35]} 13. Nce2
{[%clk 01:09:19]} {[%emt 00:02:28]} Nxe4 {[%clk 01:24:08]} {[%emt 00:01:38]}
14. Nf4 {[%clk 01:05:11]} {[%emt 00:04:38]} Nc3 {[%clk 01:21:33]} {[%emt
00:03:04]} 15. Qe1 {[%clk 01:03:27]} {[%emt 00:02:15]} Qc4 {[%clk 01:19:52]}
{[%emt 00:02:11]} 16. h3 {[%clk 01:00:14]} {[%emt 00:03:44]} Nxb5 {[%clk
01:18:52]} {[%emt 00:01:29]} 17. Nxb5 {[%clk 00:59:38]} {[%emt 00:01:07]} Qxb5
{[%clk 01:19:04]} {[%emt 00:00:18]} 18. Rb1 {[%clk 00:59:28]} {[%emt 00:00:40]}
Qc6 {[%clk 01:18:52]} {[%emt 00:00:41]} 19. Qd1 {[%clk 00:58:28]} {[%emt
00:01:30]} Bf5 {[%clk 01:18:32]} {[%emt 00:00:49]} 20. Rb2 {[%clk 00:57:38]}
{[%emt 00:01:22]} Nf3+ {[%clk 01:17:52]} {[%emt 00:01:09]} 21. Kh1 {[%clk
00:56:49]} {[%emt 00:01:18]} Bxb2 {[%clk 01:17:32]} {[%emt 00:00:50]} 22. Qd5
{[%clk 00:56:54]} {[%emt 00:00:25]} Qxd5 {[%clk 01:17:37]} {[%emt 00:00:25]}
23. Nxd5 {[%clk 00:57:17]} {[%emt 00:00:07]} Ne5 {[%clk 01:17:46]} {[%emt
00:00:21]} 24. Nc7 {[%clk 00:55:08]} {[%emt 00:02:39]} Rc8 {[%clk 01:17:36]}
{[%emt 00:00:40]} 25. Nb5 {[%clk 00:55:13]} {[%emt 00:00:26]} a6 {[%clk
01:17:48]} {[%emt 00:00:17]} 26. Nd4 {[%clk 00:54:01]} {[%emt 00:01:42]} Bxc2
{[%clk 01:17:31]} {[%emt 00:00:48]} 27. Nxc2 {[%clk 00:53:59]} {[%emt
00:00:31]} Rxc2 {[%clk 01:16:08]} {[%emt 00:00:15]} 28. a4 {[%clk 00:54:27]}
{[%emt 00:01:41]} Nc4 {[%clk 01:16:32]} {[%emt 00:00:06]} 29. Ba7 {[%clk
00:54:23]} {[%emt 00:00:34]} b6 {[%clk 01:16:50]} {[%emt 00:00:12]} 30. Kg1
{[%clk 00:54:32]} {[%emt 00:00:20]} Bd4 {[%clk 01:16:56]} {[%emt 00:00:24]} 31.
Kh2 {[%clk 00:53:46]} {[%emt 00:01:15]} Bxf2 {[%clk 01:16:58]} {[%emt
00:00:29]} 32. Rxf2 {[%clk 00:53:57]} {[%emt 00:00:20]} Rfxf2 {[%clk 01:17:16]}
{[%emt 00:00:11]} 33. Kg3 {[%clk 00:54:14]} {[%emt 00:00:13]} Rxg2+ {[%clk
01:17:38]} {[%emt 00:00:08]} 34. Kh4 {[%clk 00:54:23]} {[%emt 00:00:21]} g5+
{[%clk 01:17:48]} {[%emt 00:00:20]} 35. Kh5 {[%clk 00:54:40]} {[%emt 00:00:13]}
Rc3 {[%clk 01:18:10]} {[%emt 00:00:08]} 36. h4 {[%clk 00:54:57]} {[%emt
00:00:14]} Rh3 {[%clk 01:18:20]} {[%emt 00:00:20]} 37. a5 {[%clk 00:54:35]}
{[%emt 00:00:52]} Rxh4# {[%clk 01:18:41]} {[%emt 00:00:09]} 0-1